Catálogo

Socialnomics : (Registro nro. 61350)

Detalles MARC
000 -LEADER
fixed length control field 01500cam a2200337 i 4500
001 - CONTROL NUMBER
control field 61350
003 - CONTROL NUMBER IDENTIFIER
control field Mx-PuUPA
005 - DATE AND TIME OF LATEST TRANSACTION
control field 20240410104058.0
008 - FIXED-LENGTH DATA ELEMENTS--GENERAL INFORMATION
fixed length control field 140714s2011 mx gr 000 spa d
020 ## - INTERNATIONAL STANDARD BOOK NUMBER
International Standard Book Number 9786074383942
040 ## - CATALOGING SOURCE
Original cataloging agency Mx-PuUPA
Language of cataloging spa
Transcribing agency Mx-PuUPA
Modifying agency Mx-PuUPA
Description conventions rda
041 1# - LANGUAGE CODE
Language code of text/sound track or separate title spa
Language code of original eng
100 1# - MAIN ENTRY--PERSONAL NAME
Personal name Qualman, Erik,
Dates associated with a name 1972-
Relator term autor
9 (RLIN) 13721
240 10 - UNIFORM TITLE
Uniform title Socialnomics. How social media transforms the way we live and do business.
Language of a work Español
245 10 - TITLE STATEMENT
Title Socialnomics :
Remainder of title cómo transforman los medios sociales el modo en que vivimos y hacemos negocios /
Statement of responsibility, etc. Erik Qualman ; dirección editorial, Javier Enrique Callejas ; traducción, Susana Margarita Olivares Bari [y otro]
250 ## - EDITION STATEMENT
Edition statement Primera edición
264 #1 - PRODUCTION, PUBLICATION, DISTRIBUTION, MANUFACTURE, AND COPYRIGHT NOTICE
Place of production, publication, distribution, manufacture México, D.F. :
Name of producer, publisher, distributor, manufacturer Grupo Editorial Patria,
Date of production, publication, distribution, manufacture, or copyright notice ©2011
300 ## - PHYSICAL DESCRIPTION
Extent 295 paginas ;
Dimensions 23 cm
336 ## - CONTENT TYPE
Content type term texto
Fuente rdacontent
Content type code txt
337 ## - MEDIA TYPE
Media type term sin medio
Source rdmedia
Media type code n
338 ## - CARRIER TYPE
Carrier type term volumen
Source rdacarrier
Carrier type code nc
650 #7 - SUBJECT ADDED ENTRY--TOPICAL TERM
Source of heading or term armarc
Topical term or geographic name entry element Redes sociales
General subdivision Aspectos económicos
650 #7 - SUBJECT ADDED ENTRY--TOPICAL TERM
Source of heading or term armarc
Topical term or geographic name entry element Medios sociales
General subdivision Mercadeo por internet
650 #7 - SUBJECT ADDED ENTRY--TOPICAL TERM
Source of heading or term armarc
Topical term or geographic name entry element Medios sociales
General subdivision Comercio electrónico
700 1# - ADDED ENTRY--PERSONAL NAME
Personal name Enrique Callejas, Javier,
Relator term director
700 1# - ADDED ENTRY--PERSONAL NAME
Personal name Olivares Bari, Susana Margarita,
Relator term traductor
765 08 - ORIGINAL LANGUAGE ENTRY
Main entry heading Qualman, Erik, 1972-
Place, publisher, and date of publication Hoboken, New Jersey : John Wiley & Son, ©2009
Title Socialnomics. How social media transforms the way we live and do business.
942 ## - ADDED ENTRY ELEMENTS (KOHA)
Source of classification or shelving scheme Dewey Decimal Classification
Koha item type Libro
Classification part 658.872
Item part Q12
Existencias
Withdrawn status Lost status Source of classification or shelving scheme Damaged status Not for loan Collection code Home library Current library Shelving location Date acquired Source of acquisition Total Checkouts Full call number Barcode Date last seen Date last checked out Price effective from Koha item type Copy number
    Dewey Decimal Classification     General Tehuacán Tehuacán Sala general 14/07/2014 Compra   302.23723 QUA 2011 509437 22/02/2017 22/02/2017 11/04/2015 Libro  
    Dewey Decimal Classification     General Tehuacán Tehuacán Sala general 10/02/2023     658.872 Q12 2011 968000001241 08/01/2025   10/02/2023 Libro  
    Dewey Decimal Classification     General Tehuacán Tehuacán Sala general 10/02/2023     658.872 Q12 2011 968000001240 08/01/2025   10/02/2023 Libro Ej.2